[Event "XLVIII Festival A"]
[Site "Imperia ITA"]
[Date "2006.09.07"]
[Round "6"]
[White "Mittermeier, Peter"]
[Black "Faraci, Antonino"]
[WhiteElo "2058"]
[BlackElo "2060"]
[Result "1/2-1/2"]
[PlyCount "76"]
[EventDate "2006.09.03"]

1. Nf3 Nf6 2. g3 d5 3. Bg2 Nc6 4. d4 h6 5. c4 e6 6. O-O Be7 7. Nc3 O-O 8. Ne5
dxc4 9. Nxc6 bxc6 10. Qa4 Qxd4 11. Be3 Qg4 12. Qxc6 Rb8 13. Qxc7 Nd7 14. Bc6
Rxb2 15. Rab1 Rxb1 16. Rxb1 Bf6 17. f3 Qf5 18. Bxd7 Bxd7 19. Ne4 Qd5 20. Nxf6+
gxf6 21. Bxh6 Rc8 22. Qf4 Qf5 23. Qxf5 exf5 24. Bf4 Rc6 25. Rb7 Be6 26. Rxa7 c3
27. Rc7 Rxc7 28. Bxc7 Bxa2 29. Kf2 c2 30. Bf4 Kg7 31. Bc1 Kg6 32. Ke3 Kg7 33.
Kd3 Bb1 34. g4 fxg4 35. fxg4 Kg6 36. Ke4 Ba2 37. h4 f5+ 38. gxf5+ Kh5 1/2-1/2

[Event "XLVIII Festival A"]
[Site "Imperia ITA"]
[Date "2006.09.07"]
[Round "6"]
[White "Payen, Arnaud"]
[Black "Lacrosse, Marc"]
[WhiteElo "2390"]
[BlackElo "2225"]
[Result "1/2-1/2"]
[PlyCount "39"]
[EventDate "2006.09.03"]

1. d4 d5 2. c4 e6 3. Nf3 Nf6 4. Bg5 c6 5. Qb3 Be7 6. e3 O-O 7. Nc3 Nbd7 8. Rd1
Qa5 9. Bd3 dxc4 10. Bxc4 b5 11. Bd3 a6 12. O-O c5 13. Qc2 h6 14. Bh7+ Kh8 15.
Be4 Ra7 16. Ne5 Nxe5 17. dxe5 hxg5 18. exf6 Bxf6 19. f4 g4 20. h3 1/2-1/2

[Event "XLVIII Festival A"]
[Site "Imperia ITA"]
[Date "2006.09.07"]
[Round "6"]
[White "Pepino, Enrico"]
[Black "Luciani, Carlo"]
[WhiteElo "2187"]
[BlackElo "2236"]
[Result "0-1"]
[PlyCount "30"]
[EventDate "2006.09.03"]

1. e4 e5 2. Nf3 Nc6 3. d4 exd4 4. Nxd4 Qf6 5. Be3 Bc5 6. c3 Qg6 7. Nd2 Nxd4 8.
cxd4 Bb4 9. Qf3 Nf6 10. e5 Ne4 11. O-O-O d5 12. h3 Bf5 13. Bb5+ c6 14. Be2 Nc3
15. Rdg1 Bc2 0-1

[Event "XLVIII Festival A"]
[Site "Imperia ITA"]
[Date "2006.09.07"]
[Round "6"]
[White "Pesce, Gabriele"]
[Black "Mercandelli, Claudio"]
[WhiteElo "2006"]
[BlackElo "2028"]
[Result "1-0"]
[PlyCount "57"]
[EventDate "2006.09.03"]

1. e4 Nc6 2. Nf3 d6 3. d4 Nf6 4. Nc3 Bg4 5. Bb5 a6 6. Bxc6+ bxc6 7. h3 Bd7 8.
O-O e6 9. e5 Nd5 10. Ne4 Be7 11. Bg5 f6 12. Bh4 O-O 13. c4 f5 14. Bxe7 Qxe7 15.
Nxd6 Nf4 16. Qd2 Nxh3+ 17. gxh3 cxd6 18. Qb4 c5 19. exd6 Qxd6 20. Qxc5 Qf4 21.
Ne5 Rf6 22. Rad1 Rc8 23. Qa3 Bc6 24. Qe3 Qh4 25. f4 Be4 26. Rd2 Rh6 27. Kh2 g5
28. fxg5 f4 29. Rxf4 1-0

[Event "XLVIII Festival A"]
[Site "Imperia ITA"]
[Date "2006.09.07"]
[Round "6"]
[White "Popa, Claudiu"]
[Black "Barlocco, Carlo"]
[WhiteElo "2193"]
[BlackElo "2183"]
[Result "0-1"]
[PlyCount "184"]
[EventDate "2006.09.03"]

1. e4 e5 2. Nf3 Nc6 3. d4 exd4 4. Nxd4 Bb4+ 5. c3 Bc5 6. Nxc6 bxc6 7. Bd3 Qh4
8. Qf3 Nf6 9. Bf4 d5 10. exd5 Bg4 11. Qg3 Qxg3 12. Bxg3 O-O-O 13. O-O Nxd5 14.
Ba6+ Kb8 15. a4 Rhe8 16. b4 Bd6 17. Ra2 Be6 18. Re2 Bf5 19. Bxd6 cxd6 20. Rxe8
Rxe8 21. Bc4 Nf4 22. Bxf7 Ne2+ 23. Kh1 Re7 24. Bc4 Bxb1 25. Rxb1 Nxc3 26. Ra1
Nxa4 27. g4 Nb6 28. Bd3 h6 29. Rc1 Kb7 30. h4 Nd5 31. Rb1 Kb6 32. Kh2 Nf4 33.
Bf1 Re4 34. Kg3 g5 35. hxg5 hxg5 36. Kf3 Re7 37. Rd1 d5 38. Ra1 d4 39. Rd1 Rd7
40. Ke4 c5 41. bxc5+ Kxc5 42. Rc1+ Kb4 43. Rc4+ Kb3 44. Rxd4 Rxd4+ 45. Kxd4 a5
46. Bc4+ Kb4 47. Ba2 a4 48. Ke4 Ne2 49. Kf5 Nc1 50. Bb1 a3 51. Kxg5 Kc3 52. Kh6
Kb2 53. g5 Kxb1 54. g6 a2 55. g7 a1=Q 56. g8=Q Qd4 57. Qg6+ Nd3 58. Qf5 Kb2 59.
f3 Kc3 60. Kg5 Qg7+ 61. Qg6 Qc7 62. Qf5 Kd2 63. Qe4 Qg7+ 64. Kf5 Qg8 65. Kf6
Qg3 66. Kf5 Qf2 67. Kf6 Qc5 68. Ke6 Qg5 69. Kd6 Qf6+ 70. Kd5 Nf4+ 71. Kc4 Qc3+
72. Kb5 Nd3 73. Kb6 Qc5+ 74. Kb7 Qd6 75. Qc6 Nc5+ 76. Kb6 Nd7+ 77. Kb5 Qe5+ 78.
Kc4 Nf6 79. Kb3 Qe3+ 80. Kb4 Qd4+ 81. Kb5 Nd5 82. Qh6+ Ne3 83. Qh2+ Kc3 84.
Qc7+ Kb3 85. Qc5 Qa4+ 86. Kb6 Nc4+ 87. Kc7 Qe8 88. Qc6 Qe5+ 89. Kd7 Qg7+ 90.
Ke6 Qg5 91. Qe4 Qh6+ 92. Kd5 Qd6# 0-1

[Event "XLVIII Festival A"]
[Site "Imperia ITA"]
[Date "2006.09.07"]
[Round "6"]
[White "Schwanengel, Ulrich"]
[Black "Cardona, Paolo"]
[WhiteElo "2103"]
[BlackElo "1937"]
[Result "1-0"]
[PlyCount "67"]
[EventDate "2006.09.03"]

1. e4 e5 2. Nf3 Nc6 3. Bb5 Nf6 4. O-O Nxe4 5. d4 Nd6 6. Bxc6 dxc6 7. dxe5 Nf5
8. Qxd8+ Kxd8 9. Nc3 Be7 10. Bf4 h6 11. Rad1+ Ke8 12. h3 Be6 13. Ne2 g5 14. Bh2
c5 15. b3 Rd8 16. g4 Ng7 17. Rxd8+ Kxd8 18. Nd2 Ne8 19. f4 gxf4 20. Nxf4 Bg5
21. Nxe6+ fxe6 22. Ne4 Be7 23. Rf7 a6 24. c4 h5 25. g5 Rg8 26. Bf4 Rf8 27. Rxf8
Bxf8 28. Kf2 Ng7 29. Nf6 c6 30. Kf3 h4 31. g6 Nf5 32. Bg5 Kc7 33. Kg4 Kb8 34.
Nd7+ 1-0

[Event "XLVIII Festival A"]
[Site "Imperia ITA"]
[Date "2006.09.07"]
[Round "6"]
[White "Stoppa, Omar"]
[Black "Cugini, Verter"]
[WhiteElo "2209"]
[BlackElo "2209"]
[Result "0-1"]
[PlyCount "77"]
[EventDate "2006.09.03"]

1. e4 e6 2. d4 d5 3. e5 c5 4. c3 Nc6 5. Nf3 Qb6 6. Bd3 cxd4 7. cxd4 Bd7 8. O-O
Nxd4 9. Nxd4 Qxd4 10. Nc3 Qxe5 11. Re1 Qb8 12. Nxd5 Bd6 13. Qh5 Kf8 14. Nc3 Nf6
15. Qh4 Bc6 16. Bh6 Ne8 17. Bc4 Bxh2+ 18. Kh1 Be5 19. Bg5 Bf6 20. Rad1 Qc7 21.
Bxf6 Nxf6 22. Rd3 h5 23. Rg3 Qe7 24. Re5 Rd8 25. Reg5 Ne8 26. Nb5 Qf6 27. Kh2
a6 28. Na7 Rd4 29. R3g4 Qxg5 30. Qxg5 hxg4+ 31. Kg3 Rxc4 32. Qd8 Rh5 33. Nc8
Rd5 34. Qh4 Nf6 35. Qh8+ Ng8 36. Nb6 Rd3+ 37. Kh2 g3+ 38. fxg3 Rc2 39. Qh4 0-1

[Event "XLVIII Festival A"]
[Site "Imperia ITA"]
[Date "2006.09.07"]
[Round "6"]
[White "Zakoucka, Adela"]
[Black "Finocchiaro, Gianluca"]
[WhiteElo "1974"]
[BlackElo "1986"]
[Result "1/2-1/2"]
[PlyCount "30"]
[EventDate "2006.09.03"]

1. e4 d6 2. d4 Nf6 3. Nc3 c6 4. Bc4 d5 5. exd5 cxd5 6. Bd3 Nc6 7. Nge2 e6 8.
Bf4 Bd6 9. Qd2 a6 10. O-O Bxf4 11. Qxf4 O-O 12. a3 Bd7 13. Nd1 Rc8 14. c3 Qc7
15. Qxc7 Rxc7 1/2-1/2

[Event "XLVIII Festival A"]
[Site "Imperia ITA"]
[Date "2006.09.08"]
[Round "7"]
[White "Ahner, Thomas"]
[Black "Pesce, Gabriele"]
[WhiteElo "2157"]
[BlackElo "2006"]
[Result "1-0"]
[PlyCount "61"]
[EventDate "2006.09.03"]

1. e4 c5 2. Nf3 Nc6 3. d4 cxd4 4. Nxd4 e5 5. Ne2 Nf6 6. Nbc3 Be7 7. g3 d6 8.
Bg2 O-O 9. O-O Be6 10. Nd5 Bxd5 11. exd5 Nb8 12. c4 Nbd7 13. h3 Qc7 14. b3 a6
15. Be3 Rfc8 16. f4 exf4 17. Rxf4 Ne5 18. Nd4 Nfd7 19. Rf1 g6 20. Rc1 Qa5 21.
Qe2 Bd8 22. Qf2 Bb6 23. Be4 Bc5 24. Kh2 Re8 25. Bb1 Qb6 26. Rcd1 Kg7 27. Qf4
Rac8 28. a3 Bxd4 29. Bxd4 Qxb3 30. Qxf7+ Kh8 31. Qxd7 1-0

[Event "XLVIII Festival A"]
[Site "Imperia ITA"]
[Date "2006.09.08"]
[Round "7"]
[White "Astengo, Marcello"]
[Black "Cirabisi, Federico"]
[WhiteElo "2109"]
[BlackElo "2116"]
[Result "1/2-1/2"]
[PlyCount "21"]
[EventDate "2006.09.03"]

1. d4 d5 2. c4 e5 3. dxe5 d4 4. Nf3 Nc6 5. g3 Be6 6. Nbd2 Qd7 7. Bg2 O-O-O 8.
O-O Be7 9. b3 Bh3 10. Bb2 h5 11. Ne4 1/2-1/2

[Event "XLVIII Festival A"]
[Site "Imperia ITA"]
[Date "2006.09.08"]
[Round "7"]
[White "Biolek, Richard sr"]
[Black "Jurek, Josef"]
[WhiteElo "2440"]
[BlackElo "2390"]
[Result "1/2-1/2"]
[PlyCount "20"]
[EventDate "2006.09.03"]

1. c4 c5 2. Nc3 Nc6 3. g3 g6 4. Bg2 Bg7 5. d3 Nf6 6. Nh3 d5 7. Nxd5 Nxd5 8.
cxd5 Bxh3 9. Bxh3 Qxd5 10. O-O O-O 1/2-1/2

[Event "XLVIII Festival A"]
[Site "Imperia ITA"]
[Date "2006.09.08"]
[Round "7"]
[White "Del Dotto, Riccardo"]
[Black "Popa, Claudiu"]
[WhiteElo "2180"]
[BlackElo "2193"]
[Result "1-0"]
[PlyCount "47"]
[EventDate "2006.09.03"]

1. d4 d5 2. Bf4 Nf6 3. e3 e6 4. Nf3 Bd6 5. Bg3 b6 6. Ne5 Bb7 7. Nd2 O-O 8. Bd3
Nbd7 9. Qf3 a5 10. O-O Ba6 11. Rac1 Qe8 12. Qe2 Nb8 13. c4 c5 14. Ng4 Be7 15.
Nxf6+ Bxf6 16. cxd5 Bxd3 17. Qxd3 cxd4 18. exd4 Qd7 19. dxe6 fxe6 20. Nf3 Na6
21. a3 Nc5 22. Qe3 Na4 23. b3 Nb2 24. Qc3 1-0

[Event "XLVIII Festival A"]
[Site "Imperia ITA"]
[Date "2006.09.08"]
[Round "7"]
[White "Faraci, Antonino"]
[Black "Blasco, Domenico"]
[WhiteElo "2060"]
[BlackElo "1992"]
[Result "1-0"]
[PlyCount "73"]
[EventDate "2006.09.03"]

1. Nf3 g6 2. e4 Bg7 3. d4 d6 4. h3 Nd7 5. Bc4 e6 6. c3 Ne7 7. Bb3 a6 8. Be3 b6
9. O-O Bb7 10. Nbd2 h6 11. Nh2 d5 12. f3 O-O 13. e5 a5 14. g4 Ba6 15. Rf2 c5
16. Ndf1 cxd4 17. cxd4 f5 18. Qd2 Kh7 19. f4 Rg8 20. Nf3 Nc6 21. a3 Bf8 22. Ng3
Be7 23. Bc2 Rc8 24. Kh2 Qf8 25. Rg1 Qf7 26. Ne2 Rc7 27. Rfg2 Rcc8 28. h4 Rcf8
29. Rg3 Qe8 30. Rh3 b5 31. h5 gxh5 32. gxf5 exf5 33. Ng3 Rxg3 34. Rhxg3 Rf7 35.
Qg2 Bf8 36. Rg8 Qe6 37. Rh8+ 1-0

[Event "XLVIII Festival A"]
[Site "Imperia ITA"]
[Date "2006.09.08"]
[Round "7"]
[White "Fossati, Remigio"]
[Black "Pepino, Enrico"]
[WhiteElo "2203"]
[BlackElo "2187"]
[Result "1-0"]
[PlyCount "75"]
[EventDate "2006.09.03"]

1. d4 Nf6 2. c4 g6 3. Nc3 Bg7 4. e4 d6 5. Be2 O-O 6. Nf3 e5 7. O-O Nc6 8. d5
Ne7 9. Nd2 a5 10. Rb1 Nd7 11. a3 f5 12. b4 Kh8 13. f3 Ng8 14. Qc2 axb4 15. axb4
Ngf6 16. Nb5 Nh5 17. g3 Bh6 18. c5 Be3+ 19. Kh1 f4 20. g4 Ndf6 21. gxh5 Nxh5
22. Nc4 Bxc1 23. Qxc1 Qd7 24. Rf2 Qxb5 25. Nb6 Qe8 26. Nxa8 Qd8 27. Bf1 Qh4 28.
Kg1 Ng3 29. Nxc7 g5 30. Ne6 Rg8 31. Rg2 g4 32. hxg3 fxg3 33. f4 Rg6 34. Qe3
Bxe6 35. dxe6 Rh6 36. Qxg3 Qh1+ 37. Kf2 exf4 38. Qxg4 1-0

[Event "XLVIII Festival A"]
[Site "Imperia ITA"]
[Date "2006.09.08"]
[Round "7"]
[White "Lindoerfer, Klaus"]
[Black "Payen, Arnaud"]
[WhiteElo "2217"]
[BlackElo "2390"]
[Result "0-1"]
[PlyCount "76"]
[EventDate "2006.09.03"]

1. e4 g6 2. d4 Bg7 3. Bc4 d6 4. Nc3 c6 5. a4 Nf6 6. Bb3 O-O 7. Nf3 Qc7 8. O-O
e5 9. h3 h6 10. Be3 Na6 11. dxe5 dxe5 12. a5 Qe7 13. Nd2 Nc5 14. Bc4 Rd8 15.
Qc1 g5 16. f3 Nh5 17. Ne2 Ne6 18. Rd1 Nef4 19. Nxf4 exf4 20. Bf2 Bd4 21. Nb3
Bxf2+ 22. Kxf2 Be6 23. Bxe6 Qxe6 24. Ra4 Ng3 25. Rad4 Rxd4 26. Rxd4 Qf6 27. Qd2
Re8 28. Qd3 h5 29. Nc5 g4 30. fxg4 hxg4 31. hxg4 Qh4 32. Kg1 b6 33. axb6 axb6
34. Nb7 Re7 35. Rd8+ Kg7 36. Nd6 Ra7 37. Qd4+ f6 38. Rd7+ Kg6 0-1

[Event "XLVIII Festival A"]
[Site "Imperia ITA"]
[Date "2006.09.08"]
[Round "7"]
[White "Luciani, Carlo"]
[Black "Cugini, Verter"]
[WhiteElo "2236"]
[BlackElo "2209"]
[Result "1-0"]
[PlyCount "67"]
[EventDate "2006.09.03"]

1. e4 e6 2. d4 d5 3. Nd2 Nf6 4. e5 Ne4 5. Nxe4 dxe4 6. Bc4 a6 7. Ne2 b5 8. Bb3
c5 9. c3 cxd4 10. cxd4 Bb7 11. O-O Nc6 12. Bc2 Nb4 13. Bb1 Qh4 14. Be3 Nd5 15.
a4 b4 16. Qd2 Be7 17. Ng3 Nxe3 18. Qxe3 f5 19. exf6 Bxf6 20. Bxe4 Bxe4 21. Nxe4
O-O 22. Rac1 Rad8 23. Rc4 a5 24. g3 Qg4 25. f4 Rf7 26. Re1 Rfd7 27. Nxf6+ gxf6
28. Qxe6+ Qxe6 29. Rxe6 Rxd4 30. Rxd4 Rxd4 31. Rxf6 Rd1+ 32. Kg2 Rd2+ 33. Kh3
Rxb2 34. Ra6 1-0

[Event "XLVIII Festival A"]
[Site "Imperia ITA"]
[Date "2006.09.08"]
[Round "7"]
[White "Malano, Francesco"]
[Black "Zakoucka, Adela"]
[WhiteElo "2020"]
[BlackElo "1974"]
[Result "0-1"]
[PlyCount "130"]
[EventDate "2006.09.03"]

1. f4 e5 2. fxe5 d6 3. exd6 Bxd6 4. Nf3 Bg4 5. g3 h5 6. d4 h4 7. Rg1 hxg3 8.
hxg3 Nc6 9. c3 Qe7 10. Qd3 Nf6 11. Bg5 Rh5 12. Nbd2 O-O-O 13. O-O-O Rdh8 14.
Re1 Qd7 15. e4 Nh7 16. Bf4 Nf8 17. Bg2 Ng6 18. Qe3 Nd8 19. Rh1 Ne6 20. Bxd6
cxd6 21. Rxh5 Rxh5 22. Rh1 Rxh1+ 23. Bxh1 Qa4 24. a3 Qb5 25. Nh2 Qh5 26. Qf2
Ng5 27. Bf3 Nxf3 28. Ndxf3 f6 29. Nd2 Bd7 30. Nhf1 Ne7 31. Qf4 Kc7 32. Nc4 Nc8
33. e5 fxe5 34. dxe5 Qh6 35. exd6+ Nxd6 36. Nxd6 Qxd6 37. Qxd6+ Kxd6 38. Kd2
Ke5 39. Ke3 Be6 40. Kd3 Bf5+ 41. Ke3 Be6 42. Nd2 Bg4 43. c4 b6 44. b4 Bd1 45.
Kd3 Bg4 46. Nb3 Bf5+ 47. Kc3 Be6 48. Kd3 Bf5+ 49. Ke3 Be6 50. Kd3 Bf5+ 51. Kc3
Be6 52. c5 Kd5 53. c6 Kxc6 54. Nd4+ Kd7 55. Nxe6 Kxe6 56. Kd4 Kf5 57. b5 Kg4
58. Kd5 Kxg3 59. Kc6 g5 60. Kb7 g4 61. Kxa7 Kf3 62. Kxb6 g3 63. Kb7 g2 64. b6
g1=Q 65. a4 Qa1 0-1

[Event "XLVIII Festival A"]
[Site "Imperia ITA"]
[Date "2006.09.08"]
[Round "7"]
[White "Ricci, Marco"]
[Black "Egartner, Wolfgang"]
[WhiteElo "2150"]
[BlackElo "2147"]
[Result "1/2-1/2"]
[PlyCount "31"]
[EventDate "2006.09.03"]

1. e4 c6 2. d4 d5 3. Nd2 dxe4 4. Nxe4 Nd7 5. Nf3 Ngf6 6. Nxf6+ Nxf6 7. Bc4 Bf5
8. O-O e6 9. Bg5 Be7 10. Qe2 O-O 11. c3 Re8 12. Ne5 h6 13. Bh4 Nd7 14. Bxe7
Rxe7 15. Rad1 Qc7 16. Bd3 1/2-1/2

[Event "XLVIII Festival A"]
[Site "Imperia ITA"]
[Date "2006.09.08"]
[Round "7"]
[White "Stoppa, Omar"]
[Black "Feistenauer, Harald"]
[WhiteElo "2209"]
[BlackElo "2107"]
[Result "1-0"]
[PlyCount "95"]
[EventDate "2006.09.03"]

1. e4 Nf6 2. e5 Nd5 3. d4 d6 4. Nf3 Nb6 5. exd6 cxd6 6. Bd3 g6 7. O-O Bg7 8. a4
Nc6 9. a5 Nd7 10. a6 O-O 11. c3 e5 12. Bg5 Qb6 13. d5 Ncb8 14. b4 f5 15. Be3
Qc7 16. Ng5 Nb6 17. axb7 Qxb7 18. Bxb6 axb6 19. Rxa8 Qxa8 20. Bb5 Bf6 21. Ne6
Rf7 22. Nd2 Ba6 23. Qa4 Bb7 24. Qxa8 Bxa8 25. Ra1 Bxd5 26. Bc4 Bxc4 27. Nxc4
Re7 28. Ra8 Rxe6 29. Rxb8+ Kf7 30. Nxb6 e4 31. Nd5 Re5 32. c4 Bg5 33. Kf1 f4
34. Ke2 f3+ 35. gxf3 exf3+ 36. Kxf3 Rf5+ 37. Kg2 Bd2 38. Rb7+ Kf8 39. Rxh7 Be1
40. f4 g5 41. fxg5 Rxg5+ 42. Kf3 Rf5+ 43. Ke4 Rf2 44. b5 Rc2 45. b6 Bf2 46. b7
Ba7 47. Rh8+ Kg7 48. Ra8 1-0

[Event "XLVIII Festival A"]
[Site "Imperia ITA"]
[Date "2006.09.08"]
[Round "7"]
[White "Sulava, Nenad"]
[Black "Di Paolo, Raffaele"]
[WhiteElo "2489"]
[BlackElo "2334"]
[Result "1/2-1/2"]
[PlyCount "35"]
[EventDate "2006.09.03"]

1. Nf3 Nf6 2. d4 g6 3. Nc3 d6 4. e4 a6 5. Bg5 h6 6. Bh4 Bg7 7. e5 Nh5 8. Bc4 g5
9. Bg3 Nxg3 10. fxg3 e6 11. exd6 cxd6 12. O-O b5 13. Bb3 Bb7 14. d5 Bxc3 15.
bxc3 Bxd5 16. a4 O-O 17. Nd4 Nc6 18. axb5 1/2-1/2

[Event "XLVIII Festival A"]
[Site "Imperia ITA"]
[Date "2006.09.09"]
[Round "8"]
[White "Blasco, Domenico"]
[Black "Mercandelli, Claudio"]
[WhiteElo "1992"]
[BlackElo "2028"]
[Result "0-1"]
[PlyCount "90"]
[EventDate "2006.09.03"]

1. d4 Nc6 2. Nf3 d5 3. Bf4 f6 4. e3 a6 5. c4 e6 6. Nc3 Bb4 7. cxd5 exd5 8. Bd3
Nge7 9. Qc2 f5 10. Rc1 Bd6 11. Bg3 O-O 12. a3 Be6 13. Na4 Kh8 14. Nc5 Bc8 15.
Kf1 b6 16. Na4 a5 17. Nc3 Na7 18. Nb5 Nxb5 19. Bxb5 c6 20. Bd3 Ba6 21. Bxa6
Rxa6 22. Ke2 c5 23. Bxd6 Qxd6 24. dxc5 bxc5 25. Qxc5 Qf6 26. Qc3 Qg6 27. Rhd1
f4 28. exf4 Rc6 29. Qd4 Rxc1 30. Rxc1 Nf5 31. Qc5 Qa6+ 32. Kd2 Rb8 33. Rc2 Qe6
34. Ne5 Nd6 35. f3 Nc4+ 36. Nxc4 dxc4 37. Qe5 Rd8+ 38. Ke2 Qg6 39. Qc3 Qxg2+
40. Ke3 Qg1+ 41. Ke4 Re8+ 42. Kd5 Qd1+ 43. Kc5 Rc8+ 44. Kb5 Qd7+ 45. Kxa5 Rc5+
0-1

[Event "XLVIII Festival A"]
[Site "Imperia ITA"]
[Date "2006.09.09"]
[Round "8"]
[White "Del Dotto, Riccardo"]
[Black "Astengo, Marcello"]
[WhiteElo "2180"]
[BlackElo "2109"]
[Result "1/2-1/2"]
[PlyCount "84"]
[EventDate "2006.09.03"]

1. d4 d5 2. Nf3 c5 3. c3 Nc6 4. a3 a5 5. e3 Nf6 6. Nbd2 Bf5 7. Bb5 Nd7 8. O-O
e6 9. Re1 Qb6 10. a4 Be7 11. e4 dxe4 12. Nxe4 O-O 13. dxc5 Nxc5 14. Nxc5 Bxc5
15. Be3 Bxe3 16. Rxe3 h6 17. h3 Rfd8 18. Qe2 Rd6 19. Nd2 Qd8 20. Nb3 Na7 21.
Nd4 Nxb5 22. Nxf5 exf5 23. Qxb5 f4 24. Re4 f3 25. Rae1 Re6 26. Rxe6 fxe6 27.
Qxb7 fxg2 28. Qc6 Rb8 29. Qxe6+ Kh8 30. Qg6 Qc8 31. Re7 Qf8 32. Re3 Qg8 33. Re2
Qc4 34. Re8+ Rxe8 35. Qxe8+ Kh7 36. Kxg2 Qd5+ 37. Kh2 Qd6+ 38. Kg1 Qd1+ 39. Kg2
Qd5+ 40. Kg1 Qd1+ 41. Kh2 Qd6+ 42. Kg2 Qd5+ 1/2-1/2

[Event "XLVIII Festival A"]
[Site "Imperia ITA"]
[Date "2006.09.09"]
[Round "8"]
[White "Di Paolo, Raffaele"]
[Black "Raineri, Valerio"]
[WhiteElo "2334"]
[BlackElo "2145"]
[Result "1-0"]
[PlyCount "61"]
[EventDate "2006.09.03"]

1. e4 e5 2. Nf3 Nc6 3. Bb5 a6 4. Ba4 Nge7 5. O-O d6 6. c3 Bd7 7. d4 Ng6 8. Nbd2
Be7 9. Re1 O-O 10. Nf1 Qe8 11. d5 Nd4 12. Bxd7 Nxf3+ 13. Qxf3 Qxd7 14. Ne3 f5
15. Nxf5 Nh4 16. Nxe7+ Qxe7 17. Qg4 Ng6 18. Bg5 Qe8 19. g3 h6 20. Be3 Rf6 21.
c4 Qf7 22. c5 dxc5 23. Bxc5 Nf4 24. Be3 Nd3 25. Re2 Rf8 26. Rf1 Rg6 27. Qh4 Qf3
28. Rd2 Rg4 29. Qe7 Qxe4 30. Rxd3 Rf6 31. Rc3 1-0

[Event "XLVIII Festival A"]
[Site "Imperia ITA"]
[Date "2006.09.09"]
[Round "8"]
[White "Feistenauer, Harald"]
[Black "Faraci, Antonino"]
[WhiteElo "2107"]
[BlackElo "2060"]
[Result "1-0"]
[PlyCount "105"]
[EventDate "2006.09.03"]

1. c4 e5 2. Nc3 Nc6 3. g3 g6 4. Bg2 Bg7 5. d3 d6 6. Nf3 Nge7 7. O-O h6 8. e3
Be6 9. Rb1 Qd7 10. Re1 Bg4 11. Qa4 O-O 12. b4 f5 13. Nd5 Nxd5 14. cxd5 Nb8 15.
Qb3 Qf7 16. Nd2 g5 17. f3 Bh5 18. e4 Bg6 19. Bb2 Nd7 20. Rf1 Nf6 21. Rbc1 f4
22. g4 Ne8 23. Qc4 Bf6 24. Kf2 a6 25. Rh1 b5 26. Qb3 Qd7 27. Qc3 Ra7 28. Nb3
Ng7 29. Na5 Rfa8 30. Qd2 Be8 31. Rc2 Qf7 32. Bf1 Rc8 33. Be2 Bd7 34. Rcc1 Qe8
35. Nc6 Raa8 36. Rc2 Qg6 37. h3 Rf8 38. d4 Bxc6 39. Rxc6 exd4 40. Rxc7 Ne8 41.
Rc6 Qg7 42. Rd1 h5 43. Bxd4 hxg4 44. hxg4 Qh6 45. Kg2 Rf7 46. Rh1 Qg7 47. Bxf6
Rxf6 48. Qc3 Qf8 49. Rh5 Ra7 50. Rxg5+ Rg7 51. Rxg7+ Qxg7 52. Rc8 Kf7 53. Qc6
1-0

[Event "XLVIII Festival A"]
[Site "Imperia ITA"]
[Date "2006.09.09"]
[Round "8"]
[White "Jacob, Volker"]
[Black "Lindoerfer, Klaus"]
[WhiteElo "2280"]
[BlackElo "2217"]
[Result "1-0"]
[PlyCount "65"]
[EventDate "2006.09.03"]

1. d4 d5 2. c4 e6 3. Nc3 c5 4. cxd5 exd5 5. Nf3 Nc6 6. Bg5 f6 7. Bf4 g5 8. Bg3
g4 9. Nd2 cxd4 10. Nb5 Kf7 11. e4 dxe3 12. fxe3 Ne5 13. Be2 a6 14. O-O Kg7 15.
Nd4 Bd6 16. Rc1 Ne7 17. Bxe5 fxe5 18. Rxc8 Qxc8 19. Bxg4 Qe8 20. Bh5 Qd7 21.
Nf5+ Qxf5 22. Rxf5 Nxf5 23. Qg4+ Kf6 24. e4 Bc5+ 25. Kh1 Ne3 26. Qf3+ Ke7 27.
Qf7+ Kd6 28. exd5 Nxd5 29. Bf3 Ne3 30. Ne4+ Kc6 31. Qe6+ Kb5 32. Be2+ Ka4 33.
Nxc5+ 1-0

[Event "XLVIII Festival A"]
[Site "Imperia ITA"]
[Date "2006.09.09"]
[Round "8"]
[White "Jurek, Josef"]
[Black "Schacher, Gerd"]
[WhiteElo "2390"]
[BlackElo "2274"]
[Result "1-0"]
[PlyCount "195"]
[EventDate "2006.09.03"]

1. Nf3 g6 2. d4 Bg7 3. c4 f5 4. g3 Nf6 5. Bg2 O-O 6. O-O d6 7. b3 Qe8 8. Bb2
Na6 9. Nbd2 Rb8 10. Re1 b5 11. c5 Bb7 12. Rc1 dxc5 13. dxc5 Rd8 14. a3 Ne4 15.
Bxg7 Kxg7 16. Qc2 Nxd2 17. Nxd2 Bxg2 18. Kxg2 Qc6+ 19. Nf3 Rd5 20. b4 Nb8 21.
Kg1 Qf6 22. Rcd1 e6 23. a4 a6 24. axb5 axb5 25. Rxd5 exd5 26. Qd2 Nc6 27. Qxd5
Rd8 28. Qb3 Nd4 29. Nxd4 Qxd4 30. Rb1 h5 31. Qe6 Qe4 32. Qxe4 fxe4 33. e3 Rd2
34. Ra1 Rb2 35. Ra7 Rxb4 36. Rxc7+ Kf6 37. Rb7 Rb1+ 38. Kg2 b4 39. c6 b3 40. c7
Rc1 41. Rxb3 Rxc7 42. Rb6+ Kf5 43. Rb8 Rf7 44. Rh8 Kf6 45. h3 Kf5 46. Re8 Rf6
47. g4+ hxg4 48. hxg4+ Kxg4 49. Rxe4+ Kh5 50. Re5+ Kh6 51. f4 Ra6 52. Kf3 Kg7
53. Rd5 Ra3 54. Ke4 Kf6 55. Rd6+ Kf7 56. Kd4 Ra4+ 57. Ke5 Ra5+ 58. Rd5 Ra7 59.
e4 Re7+ 60. Kd4 Ra7 61. Rd6 Ra4+ 62. Ke5 Ra5+ 63. Rd5 Ra7 64. Rc5 Rb7 65. Kd6
Kf6 66. Rc6 Rb1 67. Kd7+ Kf7 68. e5 Rb7+ 69. Kd6 Ra7 70. Rb6 Re7 71. Kd5 Ra7
72. Rf6+ Kg7 73. Ke4 Ra4+ 74. Kf3 Ra5 75. Kg4 Ra1 76. Rd6 Rg1+ 77. Kf3 Kf7 78.
Kf2 Ra1 79. Ke3 Ra5 80. Rd7+ Kf8 81. Ke4 Rb5 82. Ra7 Rb4+ 83. Kf3 Rb1 84. Rd7
Rb2 85. Kg4 Rg2+ 86. Kf3 Ra2 87. Ke4 Ra4+ 88. Rd4 Ra5 89. Rc4 Kg7 90. Rc7+ Kf8
91. e6 Rf5 92. Rd7 Ra5 93. Rd5 Ra7 94. Ke5 Ra4 95. Rd8+ Ke7 96. Rd7+ Ke8 97.
Rg7 g5 98. f5 1-0

[Event "XLVIII Festival A"]
[Site "Imperia ITA"]
[Date "2006.09.09"]
[Round "8"]
[White "Luciani, Carlo"]
[Black "Sulava, Nenad"]
[WhiteElo "2236"]
[BlackElo "2489"]
[Result "1/2-1/2"]
[PlyCount "32"]
[EventDate "2006.09.03"]

1. e4 c5 2. Nf3 Nc6 3. d4 cxd4 4. Nxd4 Nf6 5. Nc3 e6 6. g3 Qb6 7. Nb3 Bb4 8.
Bg2 Qa6 9. Bf4 d5 10. exd5 Nxd5 11. Bd2 Bxc3 12. bxc3 b6 13. Qg4 g6 14. c4 Nde7
15. O-O Bd7 16. Bg5 h5 1/2-1/2

[Event "XLVIII Festival A"]
[Site "Imperia ITA"]
[Date "2006.09.09"]
[Round "8"]
[White "Pesce, Gabriele"]
[Black "Malano, Francesco"]
[WhiteElo "2006"]
[BlackElo "2020"]
[Result "1/2-1/2"]
[PlyCount "79"]
[EventDate "2006.09.03"]

1. e4 c5 2. Nc3 Nc6 3. f4 g6 4. Nf3 Bg7 5. Bb5 e6 6. Bxc6 dxc6 7. d3 Ne7 8. O-O
O-O 9. Qe1 b6 10. f5 exf5 11. Qh4 f6 12. a4 a5 13. Re1 Ra7 14. e5 fxe5 15. Bg5
Qd6 16. Bh6 Bxh6 17. Qxh6 Nd5 18. Rxe5 Nf6 19. h3 Ng4 20. hxg4 fxg4 21. Ne4 Qd8
22. Qg5 gxf3 23. Qxd8 Rxd8 24. gxf3 Rf8 25. Nd2 Raf7 26. Rae1 Rf5 27. Kg2 Rxe5
28. Rxe5 Rf5 29. Rxf5 Bxf5 30. Nc4 b5 31. axb5 cxb5 32. Nxa5 c4 33. dxc4 bxc4
34. Nxc4 Bxc2 35. b4 Kf7 36. b5 Ke7 37. b6 Kd7 38. Na5 g5 39. Kg3 h5 40. Kg2
1/2-1/2

[Event "XLVIII Festival A"]
[Site "Imperia ITA"]
[Date "2006.09.09"]
[Round "8"]
[White "Schwanengel, Ulrich"]
[Black "Mittermeier, Peter"]
[WhiteElo "2103"]
[BlackElo "2058"]
[Result "1/2-1/2"]
[PlyCount "38"]
[EventDate "2006.09.03"]

1. e4 c6 2. d4 d5 3. Nc3 dxe4 4. Nxe4 Bf5 5. Ng3 Bg6 6. Nf3 Nd7 7. h4 h6 8. h5
Bh7 9. Bd3 Bxd3 10. Qxd3 Qc7 11. Bd2 e6 12. O-O-O O-O-O 13. Ne4 Ngf6 14. g3
Nxe4 15. Qxe4 Bd6 16. Bc3 Nf6 17. Qe2 Rhe8 18. Ne5 Nd5 19. Bd2 c5 1/2-1/2

[Event "XLVIII Festival A"]
[Site "Imperia ITA"]
[Date "2006.09.09"]
[Round "8"]
[White "Tomassoni, Leonardo"]
[Black "Popa, Claudiu"]
[WhiteElo "2005"]
[BlackElo "2193"]
[Result "1/2-1/2"]
[PlyCount "35"]
[EventDate "2006.09.03"]

1. e4 e5 2. Nf3 Nc6 3. Nc3 Nf6 4. d4 exd4 5. Nxd4 Bb4 6. Bc4 Ne5 7. Bb3 d6 8.
O-O Bxc3 9. bxc3 O-O 10. f4 Ng6 11. Qd3 Re8 12. Re1 d5 13. e5 c5 14. Nf3 c4 15.
Bxc4 dxc4 16. Qxd8 Rxd8 17. exf6 gxf6 18. Nd4 1/2-1/2